000 01948nam a22002297a 4500
003 OSt
005 20211129144803.0
008 120514t xxu||||| |||| 00| 0 eng d
020 _a9780078769047
020 _a0078769043
040 _cLC
050 _aHF5415.F22
100 _aFarese, Lois Schneider.
245 _aMarketing esentials. /
_cLous Schneider Farese, Grady Kimbrell and Carl A. Woloszyk.
260 _aNew York:
_bMcGraw-Hill,
_c2009.
300 _axxxvii, 875 p:
_bill. ;
500 _aIncludes Index.
505 _aContents: : 1. The world of marketing: Marketing is all around us – The marketing plan – 2. Economics: Political and economic analysis – Global analysis – 3. Business and society: The free enterprise system – Legal and ethical issues – 4. Skills for marketing: Basic math skills – Communication skills – Technology application for marketing – Interpersonal skills –Management skills – 5. Selling: Preparing for the sale – Initiating the sale – Presenting the product – Closing the sale –Using math in sales – 6. Promotion: Promotional concepts and strategies – Visual merchandising and display – Advertising –Print advertisements – 7. Distribution: Channels of distribution –Physical distribution – Purchasing – Stock handling and inventory control – 8. Pricing: Price planning – Pricing strategies – Pricing math – 9. Marketing information management: Marketing research -- Conducting marketing research – 10. Product and service management: Product planning, branding, and labelling – Extended product features – 11. Entrepreneurship and finance: Entrepreneurial concepts – Risk management – Developing a business plan – Finance the business – 12. Employability and career development: Identifying career opportunities – Finding and applying for a job --
700 _qKimbrell, Grady
700 _qWoloszyk, Carl A.
942 _2lcc
_cBK
999 _c8144
_d15644